IJCAI - 77 : Specialized Systems

Salvato in:
Dettagli Bibliografici
Natura: Libro
Pubblicazione: Massachusetts : Massachusetts Institute of Technology, 1977
Tags: Aggiungi Tag
Nessun Tag, puoi essere il primo ad aggiungerne!!

MARC

LEADER 00000nam a22000003a 4500
001 stu264857
005 20141121173110.0
008 130327s--------xxu---------------------d
040 |a STU  |b slo 
041 0
044 |a xxu 
245 |a IJCAI - 77 :  |b Specialized Systems 
260 |a Massachusetts :  |b Massachusetts Institute of Technology,  |c 1977 
300 |a 773-900 
996 |b I2358  |l II680  |s A  |a 24  |w stu264857_0001